Calciatori e Anno di nascita - Quiz n°12 - Statistics

Statistiche generali
  • Questo quiz è stato fatto 15 volte
  • Il punteggio medio è 3 su 10
Statistiche sulle risposte
Hint Risposta % Corretto
Kylian Mbappé 1998
50%
Victor Osimhen 1998
43%
Jadon Sancho 2000
43%
Mattia Destro 1991
29%
Corentin Tolisso 1994
29%
Emanuele Giaccherini 1985
21%
Šime Vrsaljko 1992
21%
Ante Rebić 1993
21%
Mapou Yanga-Mbiwa 1989
14%
Grégoire Defrel 1991
0%
Nessun quiz corrispondente trovato
Distribuzione punteggi
Percentuale di utenti per punteggio
Percentile per numero di risposta
I tuoi punteggi nel tempo
Non hai fatto questo quiz